Analýza úplných nákladov práce v SR 1998

Guardado en:
Detalles Bibliográficos
Formato: Libro
Lenguaje:eslovaco
Publicado: Bratislava Štatistický úrad Slovenskej republiky 2000
Colección:Demografia a sociálna štatistika
Materias:
Etiquetas: Agregar Etiqueta
Sin Etiquetas, Sea el primero en etiquetar este registro!

MARC

LEADER 00000nam a2200000 4500
001 c117613
005 20240514140843.3
041 0 |a slo 
044 |a SK 
245 1 0 |a Analýza úplných nákladov práce v SR 1998 
264 1 |a Bratislava  |b Štatistický úrad Slovenskej republiky  |c 2000 
300 |a 59 s. 
490 1 |a Demografia a sociálna štatistika 
830 0 |a Demografia a sociálna štatistika 
610 2 0 |a náklady práce 
610 2 0 |a Slovensko